Parametric estimating for executives and estimators /

Bibliographic Details
Main Author: Gallagher, Paul F.
Format: Book
Language:English
Published: New York, N.Y. : Van Nostrand Reinhold, [1982]
Subjects:

MARC

Tag First Indicator Second Indicator Subfields
LEADER 00000cam a22000008a 4500
001 in00000077799
005 20151008053844.0
008 810220s1982 nyuak 00110 eng
010 |a  81001569  
020 |a 0442239971 
035 |a (OCoLC)07272893 
035 |9 AAH8864AM 
039 0 |a 2  |b 3  |c 3  |d 3  |e 3 
040 |a DLC  |c DLC  |d TXA  |d UtOrBLW 
049 |a TXAM  |c [800422] 
050 0 0 |a TA183  |b .G29 1982 
082 0 |a 658.1/552  |2 19 
100 1 |a Gallagher, Paul F. 
245 1 0 |a Parametric estimating for executives and estimators /  |c Paul F. Gallagher. 
263 |a 8105 
264 1 |a New York, N.Y. :  |b Van Nostrand Reinhold,  |c [1982] 
264 4 |c ©1982 
300 |a ix, 308 pages :  |b illustrations, forms ;  |c 24 cm. 
336 |a text  |b txt  |2 rdacontent 
337 |a unmediated  |b n  |2 rdamedia 
338 |a volume  |b nc  |2 rdacarrier 
500 |a Includes index. 
650 0 |a Engineering  |x Estimates. 
999 |a MARS 
999 f f |s 765bc1f9-2e49-3474-9c1e-4190c627a7f8  |i f8fa2ca7-aacf-36b3-aa44-466cfda68817  |t 0 
952 f f |p ric  |a Texas A&M University  |b Rellis Campus  |c Joint Library Facility  |d Remote Storage  |t 0  |e TA183 .G29 1982  |h Library of Congress classification  |i unmediated -- volume  |m A14806241342 
998 f f |a TA183 .G29 1982  |t 0  |l Remote Storage